header

Near-earth object surveys and hazard mitigation strategies (Record no. 108587)

MARC details
000 -LEADER
fixed length control field 01385nam a2200277Ia 4500
245 10 - TITLE STATEMENT
Title Near-earth object surveys and hazard mitigation strategies
260 ## - PUBLICATION, DISTRIBUTION, ETC. (IMPRINT)
Place of publication Washington, D. C. :
Name of publisher National Academies Press,
Year of publication c2009.
300 ## - PHYSICAL DESCRIPTION
Number of Pages xiii, 26 p. :
Other physical details ill.
650 #0 - SUBJECT ADDED ENTRY--TOPICAL TERM
Topical Term Near-Earth objects.
Topical Term Asteroids.
Topical Term Hazard mitigation.
856 40 - ELECTRONIC LOCATION AND ACCESS
Uniform Resource Identifier http://site.ebrary.com/lib/rucke/Doc?id=10367639

No items available.

© 2026 Rongo University
Contact us: librarian | system librarian | Rongo university